LEADER 01154nam a2200265 4500 001 000000352697 003 CaOOAMICUS 005 20230126120517.0 008 230116s2018 it 000 u ita r 020 $a978-88-11-60277-4 040 $aSeMil$bita 100 1 $aMaggi, Alberto,$c.$0(OLS)http://semarc/name/14050 245 10$aDi questi tempi :$bun inno alla vita per riscoprire la gioia di ogni giorno /$cAlberto Maggi. 264 1$aMilano :$bGarzanti,$c2018. 300 $a155 p. ;$c22 cm 490 1 $aSaggi 650 4$aVita cristiana.$0(OLS)http://semarc/subject/4445 830 0$aSaggi.$0(OLS)http://semarc/title/341 850 $aSeMil 852 $aSeMil$W1$xVenegono$y1$m3F II 1050$j238225$B243919$CSeMilBibl$Z2$F243919 $81 961 $aScanziani don Francesco - Omaggio -- Con dedica autografa 30 agosto 2018 996 $6020$a978-88-11-60277-4$9(OLS)http://semarc/number/297471 996 $6245$aDi questi tempi :$bun inno alla vita per riscoprire la gioia di ogni giorno$9(OLS)http://semarc/title/442602 996 $6264$aMilano :$bGarzanti$9(OLS)http://semarc/publisher/29852 LEADER 01206nam a2200277 i 4500 001 000000223931 003 CaOOAMICUS 005 20131022000000.0 008 131022s2012 it u000 u ita u 013 $a202829 020 $a978-88-6244-240-4 040 $aSeMil$bita 100 1 $aCortese, Antonio.$0(OLS)http://semarc/name/20434 245 10$aNordafrica-Italia :$bun ponte da costruire /$cAntonio Cortese, Raimond Siebetcheu Youmbi. 260 $aTodi (PG) :$bTau Editrice,$c2012. 300 $a91 p. ;$c21 cm. 490 0 $aTestimonianze e esperienze delle migrazioni ;$v3 650 4$aImmigrazione.$0(OLS)http://semarc/subject/19827 700 1 $aSiebetcheu, Raimond.$0(OLS)http://semarc/name/78046 830 0$aTestimonianze e esperienze delle migrazioni ;$v3.$0(OLS)http://semarc/title/36709 850 $aSeMil 852 $aSeMil$W1$xVenegono$y1$m3E II 346$j174277$B174277$CSeMilBibl$Z2$F185869 $81 961 $aOmaggio: Delpini mons. Mario 996 $6020$a978-88-6244-240-4$9(OLS)http://semarc/number/224221 996 $6245$aNordafrica-Italia :$bun ponte da costruire$9(OLS)http://semarc/title/321030 996 $6260$aTodi (PG) :$bTau Editrice$9(OLS)http://semarc/publisher/35322